• 首页
  • 本馆介绍
  • 公告通知
  • 最新文献
  • 馆藏检索
  • 电子资源
  • 读者导购
  • 参考咨询
  • 我的图书馆
  • 登录
  • 详细信息显示
  • 放入我的书架
  • 预约/预借图书
  • 作者相关作品
  • 分类相关作品
  • 丛书相关作品
  • 出版社相关作品

书目信息

  • 表格格式
  • 工作单格式
  • 卡片格式
题名:
水污染控制工程
    
 
作者: 赵庆良 , 任南琪 主编
分册:  
出版信息: 北京   化学工业出版社  2005
页数: 444页
开本: 27cm
丛书名:
单 册:
中图分类: X520.6
科图分类:
主题词: 水污染--污染控制--高等学校--教材
电子资源:
ISBN: 7-5025-6430-6
000 00935nam0 2200277 45
001 012003960160
005 20070720112418.54
009 012003960160
010    @a7-5025-6430-6@dCNY45.00
035    @a(110017)062002020267
100    @a20050613d2005 em y0chiy0110 ea
101 0  @achi
102    @aCN@b110000
105    @aa z 000yy
106    @ar
200 1  @a水污染控制工程@Ashui wu ran kong zhi gong cheng@f赵庆良, 任南琪主编@Fzhao qing liang , ren nan qi zhu bian
210    @a北京@c化学工业出版社@d2005
215    @a444页@c图@d27cm
300    @a高等学校教材
330    @a本书介绍了水污染种类与现状、水污染的组分及衡量指标、废水的物理处理工艺、废水的化学处理工艺、废水的悬浮生长好氧生物处理工艺等内容。
606 0  @a水污染@x污染控制@x高等学校@j教材
690    @aX520.6@v4
701  0 @a赵庆良@Azhao qing liang@4主编
701  0 @a任南琪@Aren nan qi@4主编
801  0 @aCN@b110017@c20070720
905    @dX520.6@e64@f3
    
    水污染控制工程/赵庆良, 任南琪主编.-北京:化学工业出版社,2005
    444页:图;27cm
    高等学校教材
    
    ISBN 7-5025-6430-6:CNY45.00
    本书介绍了水污染种类与现状、水污染的组分及衡量指标、废水的物理处理工艺、废水的化学处理工艺、废水的悬浮生长好氧生物处理工艺等内容。
●
相关链接 在E读中查询图书 在五车中查询图书 在当当中查询图书 在豆瓣中查询图书


正题名:水污染控制工程     索取号:X520.6/64         预约/预借

序号 登录号 条形码 馆藏地/架位号 状态 备注
1 0850381   208503813   第二样本阅览室/ [索取号:X520.6/64] 在馆    
2 0850382   208503822   第三借阅区/ [索取号:X520.6/64] 在馆    
3 0850383   208503831   第三借阅区/ [索取号:X520.6/64] 在馆    
唐山师范学院图书馆 欢迎您!
大连网信软件有限公司© 版权所有